Tennessee A-Z - Statistics

General Stats
  • This quiz has been taken 386 times
  • The average score is 17 of 25
Answer Stats
Hint Answer % Correct
N State capital Nashville
95%
P King of Rock & Roll Elvis Presley
91%
M River that makes the western border of Tennessee Mississippi River
91%
A Mountain range that dominates the eastern part of the state Appalachian
89%
D Theme park of Dolly Parton Dollywood
89%
C Native American that tribe was expelled from eastern Tennessee and forced to walk to Oklahoma Cherokee
86%
J First impeached president Andrew Johnson
85%
U Vanderbilt is an example of this University
85%
F Multinational delivery services company headquartered in Memphis FedEx
84%
E Scientific theory John T. Scopes was prosecuted for teaching Evolution
83%
K Most populous city in eastern Tennessee Knoxville
81%
T The only NFL team based in Tennessee Tennessee Titans
80%
V State nickname The {Volunteer} State
75%
B Memphis street called the "birthplace of blues" Beale Street
72%
R National laboratory that was established in 1943 as part of the Manhattan project Oak {Ridge}
72%
I Song Dolly Parton wrote and sung first in 1974 but was made famous by Whitney Houston I Will Always Love You
69%
H Nickname of Andrew Jackson Old {Hickory}
69%
Q 31st album of Johnny Cash that was recorded live in a prison in California At San {Quentin}
62%
G National park on the Tennessee-North Carolina border Great Smoky Mountains
62%
W What Davy Crockett is called to be the king of Wild Frontier
45%
O NFL player depicted in "The Blind Side" Michael Oher
40%
S Record label of L, P and Johnny Cash Sun Records
38%
Z State butterfly {Zebra} Swallowtail
36%
L Singer nicknamed "The Killer" and described as first great wild man of rock & roll Jerry Lee Lewis
35%
Y Another Native American tribe that were expelled from eastern Tennessee Yuchi
5%
No matching quizzes found
Score Distribution
Percent of People with Each Score
Percentile by Number Answered
Your Score History
You have not taken this quiz